000 00412nam a2200181Ia 4500
001 985
005 20260306140558.0
008 260306t2009||||xx |||||||||||||| ||spa||
041 _aESP
082 _a175
_bS51
100 _aSicart, Miguel
_eAUT
245 4 _aThe ethics of computer games
260 _c2009
300 _a264 páginas :
_c23 cm.
650 _aGEN
654 _aCHU
942 _cLIB
_dJUS
_fJUS
_2ddc
_n
999 _c985
_d985